[Event "I Festival A"]
[Site "Bernate Ticino ITA"]
[Date "1998.07.11"]
[Round "4"]
[White "Ruzza, Claudio"]
[Black "Tavecchia, Mario"]
[Result "1/2-1/2"]
[WhiteElo "1818"]
[BlackElo "1630"]
[PlyCount "127"]
[EventDate "1998.07.09"]

1. d4 e6 2. Nf3 Nf6 3. c3 d5 4. e3 c6 5. Bd3 Nbd7 6. Nbd2 Qc7 7. O-O Be7 8. e4
dxe4 9. Nxe4 Nxe4 10. Bxe4 Nf6 11. Bd3 c5 12. Bg5 O-O 13. dxc5 Qxc5 14. Qe2 h6
15. Bh4 Nd7 16. Qe4 g6 17. Bxe7 Qxe7 18. Qe3 Kg7 19. Rfe1 Re8 20. Ne5 Nxe5 21.
Qxe5+ Qf6 22. Qxf6+ Kxf6 23. Bb5 Rd8 24. Rad1 Ke7 25. Rxd8 Kxd8 26. Rd1+ Ke7
27. f4 a6 28. Be2 b6 29. Bf3 Ra7 30. Kf2 Rd7 31. Ke3 Rxd1 32. Bxd1 Kd6 33. h4
e5 34. g3 exf4+ 35. Kxf4 Be6 36. a3 f6 37. Bc2 Bf7 38. Bd3 a5 39. Ke4 Be6 40.
Kd4 f5 41. b4 axb4 42. cxb4 Bd7 43. Bc2 b5 44. Bd3 g5 45. Be2 f4 46. gxf4 gxh4
47. Ke3 Kd5 48. Bf3+ Kc4 49. f5 Bxf5 50. Be2+ Kb3 51. Bxb5 Kxa3 52. Kf4 Bc8 53.
Bc6 Kxb4 54. Bf3 Kc4 55. Bg4 Bb7 56. Bh3 Kd4 57. Kg4 Ke5 58. Kxh4 Kf6 59. Bd7
Bf3 60. Be8 Bd1 61. Bh5 Bc2 62. Be8 Kg7 63. Bh5 Ba4 64. Be2 1/2-1/2

[Event "I Festival A"]
[Site "Bernate Ticino ITA"]
[Date "1998.07.11"]
[Round "4"]
[White "Sartorio, Diego"]
[Black "Di Lascio, Savino"]
[Result "0-1"]
[WhiteElo "1570"]
[BlackElo "1753"]
[PlyCount "52"]
[EventDate "1998.07.09"]

1. e4 c6 2. d4 d5 3. exd5 cxd5 4. Bd3 Nc6 5. c3 g6 6. Bf4 Bg7 7. Nf3 Nh6 8. Qb3
O-O 9. O-O f6 10. Re1 Nf7 11. Bg3 e5 12. dxe5 fxe5 13. Rd1 a6 14. Qc2 Bg4 15.
Be2 e4 16. Nd4 Nxd4 17. cxd4 Rc8 18. Nc3 Bxe2 19. Qxe2 Rc4 20. Qe3 Nh6 21. Be5
Nf5 22. Qe2 Nxd4 23. Bxd4 Bxd4 24. Nxe4 Qh4 25. Rxd4 Rxd4 26. Ng3 Qf4 0-1

[Event "I Festival A"]
[Site "Bernate Ticino ITA"]
[Date "1998.07.11"]
[Round "4"]
[White "Strazzeri, Marco"]
[Black "Rovatti, Paolo"]
[Result "0-1"]
[WhiteElo "1654"]
[BlackElo "2055"]
[PlyCount "98"]
[EventDate "1998.07.09"]

1. e4 c6 2. c4 e5 3. Nf3 d6 4. d3 Be7 5. Be2 Nd7 6. O-O Ngf6 7. Nc3 O-O 8. Re1
a5 9. Qc2 Nc5 10. Bg5 h6 11. Bxf6 Bxf6 12. Reb1 g6 13. b3 Bh8 14. a3 f5 15. b4
axb4 16. axb4 Rxa1 17. Rxa1 Na6 18. b5 Nc5 19. Qc1 Kh7 20. bxc6 bxc6 21. Qb2
Na6 22. Na4 Rf7 23. Qb6 Qe8 24. Qa5 Bf6 25. Qc3 d5 26. Nd2 fxe4 27. dxe4 d4 28.
Qd3 Nb4 29. Qb1 Qf8 30. c5 Na6 31. Bxa6 Bxa6 32. Nb6 Bb5 33. Nb3 d3 34. Qd1 Bg5
35. Ra8 Qg7 36. Nc1 Qf6 37. f3 Be3+ 38. Kh1 Bxc5 39. Na4 Qd6 40. Nxc5 Qxc5 41.
h3 Qc4 42. Rd8 Qc2 43. Qxc2 dxc2 44. Rd2 Ba4 45. Rd3 Rb7 46. Ne2 Rb1+ 47. Kh2
c1=Q 48. Nxc1 Rxc1 49. Rd7+ Kg8 0-1

[Event "I Festival A"]
[Site "Bernate Ticino ITA"]
[Date "1998.07.11"]
[Round "4"]
[White "Vujovic, Milorad"]
[Black "Drabke, Lorenz Maximilian"]
[Result "1-0"]
[WhiteElo "2275"]
[BlackElo "1906"]
[PlyCount "91"]
[EventDate "1998.07.09"]

1. e4 c5 2. Nf3 e6 3. Nc3 Nc6 4. g3 a6 5. a4 d6 6. Bg2 Nf6 7. O-O Qc7 8. d4
cxd4 9. Nxd4 Bd7 10. Nb3 Ne5 11. h3 Be7 12. f4 Nc4 13. Kh1 O-O 14. g4 Bc6 15.
g5 Nd7 16. Nd4 Rab8 17. b3 Ncb6 18. h4 Rfe8 19. h5 e5 20. Nde2 exf4 21. a5 Nc8
22. Bxf4 Ne5 23. Qe1 Bf8 24. Qg3 Ne7 25. Bd2 Bd7 26. Nf4 Be6 27. Nxe6 fxe6 28.
Bh3 N7c6 29. Ne2 Re7 30. g6 h6 31. Rf2 Ree8 32. Nf4 Nd8 33. c4 Qc6 34. Qg2 Qc5
35. Raf1 Qd4 36. Bc1 Qc5 37. Bd2 Qd4 38. Be1 Nd3 39. Nxd3 Qxd3 40. Rf3 Qd4 41.
Qg4 Be7 42. Bc3 Qc5 43. Rf7 Bf8 44. Qf3 d5 45. exd5 exd5 46. Bd7 1-0

[Event "I Festival A"]
[Site "Bernate Ticino ITA"]
[Date "1998.07.11"]
[Round "4"]
[White "Zotti, Enrico"]
[Black "Griffa, Roberto"]
[Result "0-1"]
[WhiteElo "1725"]
[BlackElo "2070"]
[PlyCount "84"]
[EventDate "1998.07.09"]

1. e4 d6 2. d4 Nf6 3. Nc3 c6 4. a4 Qa5 5. Bd2 e5 6. dxe5 dxe5 7. Nd5 Qd8 8.
Nxf6+ Qxf6 9. Nf3 Bg4 10. Be2 h6 11. h3 Be6 12. Nh2 Bc5 13. O-O Qe7 14. c3 O-O
15. b4 Bd6 16. Ng4 Nd7 17. Ne3 Rad8 18. Qc2 Bb8 19. Rab1 Nf6 20. Bf3 a6 21.
Rfd1 Rd7 22. c4 Rfd8 23. Bc3 Nh7 24. Bg4 Bxg4 25. Nxg4 Ng5 26. f3 f6 27. c5 Ne6
28. Ne3 Nd4 29. Qf2 Qe6 30. Rd2 g6 31. Rbd1 Qb3 32. Bxd4 Rxd4 33. Ng4 Qxb4 34.
Rxd4 Rxd4 35. Rxd4 exd4 36. f4 Kg7 37. e5 fxe5 38. fxe5 Qb1+ 39. Kh2 Qf5 40.
Qxd4 h5 41. Ne3 Bxe5+ 42. Kh1 Bxd4 0-1

[Event "I Festival A"]
[Site "Bernate Ticino ITA"]
[Date "1998.07.11"]
[Round "5"]
[White "Carbone, Lorenzo"]
[Black "Strazzeri, Marco"]
[Result "0-1"]
[WhiteElo "1665"]
[BlackElo "1654"]
[PlyCount "102"]
[EventDate "1998.07.09"]

1. e4 c6 2. c4 d5 3. exd5 cxd5 4. cxd5 Nf6 5. Nc3 Nxd5 6. d4 e6 7. Bb5+ Bd7 8.
Bxd7+ Qxd7 9. Nf3 Nc6 10. O-O Be7 11. a3 O-O 12. Be3 Rac8 13. Rc1 Nxc3 14. Rxc3
Rfd8 15. Qc2 Bf6 16. Rc1 Ra8 17. Qe4 Qd5 18. Qg4 Rd7 19. Rc5 Qd6 20. Rh5 Rad8
21. g3 Nxd4 22. Nxd4 Bxd4 23. Rd1 Qb6 24. Bxd4 Rxd4 25. Rxd4 Rxd4 26. Qe2 Qd6
27. Qc2 g6 28. Rc5 Rd1+ 29. Kg2 Qd2 30. Qxd2 Rxd2 31. Rb5 b6 32. Kf3 Kf8 33.
Ke3 Rc2 34. h4 Ke7 35. a4 Kd6 36. f4 Rc4 37. b3 Rc3+ 38. Kf2 Kc6 39. h5 a6 40.
hxg6 hxg6 41. Rb4 Kc5 42. Re4 Rxb3 43. g4 Rb4 44. Re5+ Kd6 45. Kf3 Rxa4 46. Re1
b5 47. Rd1+ Kc7 48. Rc1+ Rc4 49. Ra1 Kb6 50. Rh1 b4 51. Rh7 Rc7 0-1

[Event "I Festival A"]
[Site "Bernate Ticino ITA"]
[Date "1998.07.11"]
[Round "5"]
[White "D'Aulisa, Francesco"]
[Black "Sala, Gianni"]
[Result "0-1"]
[WhiteElo "1512"]
[BlackElo "1729"]
[PlyCount "94"]
[EventDate "1998.07.09"]

1. e4 e5 2. Nf3 Nc6 3. g3 Bc5 4. Bg2 Nf6 5. d3 d6 6. Nbd2 Be6 7. O-O Qd7 8. Ng5
Bg4 9. Bf3 Bxf3 10. Ngxf3 h6 11. Kg2 g5 12. Nb3 Bb6 13. Qe2 O-O-O 14. Be3 Rdg8
15. Bxb6 axb6 16. Rh1 h5 17. a4 h4 18. a5 hxg3 19. fxg3 Qh3+ 20. Kf2 bxa5 21.
Nxa5 Nb8 22. Ke1 Nfd7 23. Kd2 f5 24. Qe3 Nb6 25. Nc4 Nxc4+ 26. dxc4 f4 27. Qf2
Qe6 28. b3 g4 29. Nh4 f3 30. Ra8 Kd7 31. Nf5 Nc6 32. Rxg8 Qxg8 33. Nh4 Qa8 34.
Qe3 Nd4 35. Qc3 b6 36. Kd3 Ne2 37. Qa1 Qc6 38. Qe1 b5 39. h3 bxc4+ 40. bxc4 Qc5
41. c3 Ra8 42. hxg4 Nxc3 43. Nxf3 Ra3 44. Rh7+ Kc6 45. Kc2 Qxc4 46. Nxe5+ dxe5
47. Rh6+ Kb5 0-1

[Event "I Festival A"]
[Site "Bernate Ticino ITA"]
[Date "1998.07.11"]
[Round "5"]
[White "Dallaglio, Giovanni"]
[Black "Lapiccirella, Mattia"]
[Result "0-1"]
[WhiteElo "2070"]
[BlackElo "2030"]
[PlyCount "60"]
[EventDate "1998.07.09"]

1. d4 Nf6 2. Nf3 g6 3. c4 Bg7 4. Nc3 O-O 5. e4 d6 6. Be2 e5 7. O-O Nc6 8. d5
Ne7 9. Ne1 Nd7 10. Be3 f5 11. f3 f4 12. Bf2 g5 13. a4 Ng6 14. a5 h5 15. Nb5 a6
16. Na7 Nf6 17. Nxc8 Qxc8 18. c5 g4 19. Rc1 Qd7 20. cxd6 cxd6 21. Bb6 Rac8 22.
Rxc8 Rxc8 23. Nd3 h4 24. Kh1 h3 25. gxh3 g3 26. Rg1 Qxh3 27. Rg2 Nh4 28. Qg1
Qxg2+ 29. Qxg2 Nxg2 30. Kxg2 Rc2 0-1

[Event "I Festival A"]
[Site "Bernate Ticino ITA"]
[Date "1998.07.11"]
[Round "5"]
[White "Di Lascio, Savino"]
[Black "Tavecchia, Mario"]
[Result "1-0"]
[WhiteElo "1753"]
[BlackElo "1630"]
[PlyCount "115"]
[EventDate "1998.07.09"]

1. Nf3 Nf6 2. g3 b6 3. Bg2 Bb7 4. d3 e6 5. e4 d5 6. e5 Nfd7 7. O-O c5 8. Bf4
Nc6 9. Nbd2 Nd4 10. c3 Nxf3+ 11. Nxf3 Be7 12. h4 Qc7 13. Re1 h6 14. Qe2 Nf8 15.
Rac1 Nh7 16. Qd2 Nf8 17. b4 Ng6 18. Be3 Kd7 19. bxc5 bxc5 20. h5 Nf8 21. Qb2
Nh7 22. Rb1 Rhb8 23. Qc2 Nf8 24. c4 d4 25. Bd2 Bc6 26. a4 Rxb1 27. Rxb1 Rb8 28.
Bc1 Kd8 29. Rxb8+ Qxb8 30. Qe2 Bxa4 31. Nd2 Qc7 32. Qe4 Nd7 33. f4 Nb8 34. Qh7
Bf8 35. Qg8 Ke7 36. Ba3 Nd7 37. Ne4 Bc2 38. Nd6 Kd8 39. Bxc5 Qxc5 40. Nb7+ Ke7
41. Nxc5 Nxc5 42. f5 Nxd3 43. f6+ gxf6 44. exf6+ Kxf6 45. Qxf8 Ne5 46. Qxh6+
Ke7 47. Qg5+ f6 48. Qg7+ Nf7 49. h6 d3 50. h7 d2 51. Bf3 Ke8 52. h8=Q+ Nxh8 53.
Qxh8+ Kf7 54. Bh5+ Ke7 55. Qg7+ Kd6 56. Qxf6 Bf5 57. Qd4+ Ke7 58. Qxd2 1-0

[Event "I Festival A"]
[Site "Bernate Ticino ITA"]
[Date "1998.07.11"]
[Round "5"]
[White "Giuberchio, Cesare"]
[Black "Bemporad, Filippo"]
[Result "0-1"]
[WhiteElo "1723"]
[BlackElo "2050"]
[PlyCount "46"]
[EventDate "1998.07.09"]

1. e4 c5 2. Nf3 d6 3. d4 cxd4 4. Nxd4 Nf6 5. Nc3 e6 6. Bc4 a6 7. Qe2 b5 8. Bb3
Bb7 9. Bg5 Nbd7 10. f4 Qc7 11. f5 e5 12. Ne6 fxe6 13. fxe6 Nc5 14. Bxf6 Nxb3
15. Qh5+ g6 16. Qd1 Nxa1 17. Bxh8 b4 18. O-O bxc3 19. Qxa1 Qb6+ 20. Kh1 cxb2
21. Qb1 Bxe4 22. Rxf8+ Kxf8 23. Qf1+ Bf5 0-1

[Event "I Festival A"]
[Site "Bernate Ticino ITA"]
[Date "1998.07.11"]
[Round "5"]
[White "Griffa, Roberto"]
[Black "Genovese, Maurizio"]
[Result "1-0"]
[WhiteElo "2070"]
[BlackElo "2285"]
[PlyCount "73"]
[EventDate "1998.07.09"]

1. d4 Nf6 2. Nf3 d5 3. Bf4 c5 4. c3 Qb6 5. Qb3 c4 6. Qc2 g6 7. Nbd2 Bf5 8. Qc1
Nc6 9. e3 Bg7 10. Be2 Qd8 11. h3 b5 12. a3 h6 13. Ne5 Nxe5 14. Bxe5 g5 15. Bd1
a5 16. Bc2 e6 17. O-O O-O 18. Re1 Bxc2 19. Qxc2 Nd7 20. Bxg7 Kxg7 21. e4 Qf6
22. exd5 exd5 23. Re3 Rfe8 24. Nf1 Re6 25. Ng3 Qg6 26. Qe2 Rae8 27. Qf3 Nb6 28.
Rae1 Kg8 29. Nf5 Rxe3 30. Rxe3 Rxe3 31. Nxe3 Qc6 32. Qg3 Kg7 33. h4 Qg6 34.
Qe5+ Kg8 35. Nf5 f6 36. Qe6+ Kh7 37. h5 1-0

[Event "I Festival A"]
[Site "Bernate Ticino ITA"]
[Date "1998.07.11"]
[Round "5"]
[White "Lapiccirella, Daniele"]
[Black "Bonazzi, Edoardo"]
[Result "0-1"]
[WhiteElo "1639"]
[BlackElo "1933"]
[PlyCount "94"]
[EventDate "1998.07.09"]

1. d4 Nf6 2. c4 e6 3. Nc3 d5 4. Bg5 Be7 5. e3 h6 6. Bh4 O-O 7. Nf3 Ne4 8. Bxe7
Qxe7 9. Bd3 Nxc3 10. bxc3 c5 11. O-O dxc4 12. Bxc4 Nd7 13. Qe2 b6 14. Rac1 Bb7
15. Rfd1 Rfd8 16. Bd3 Rac8 17. Bb1 cxd4 18. cxd4 Qa3 19. Rxc8 Rxc8 20. Qd3 Qxd3
21. Bxd3 Kf8 22. Kf1 Ke7 23. Ke2 Nf6 24. Rd2 Bd5 25. Ne1 Rc3 26. f3 Ra3 27. Bb1
Bc4+ 28. Kf2 Nd5 29. e4 Nc3 30. Bd3 Bxd3 31. Rxd3 Rxa2+ 32. Kf1 Nb1 33. Kg1 Ra3
34. Rd1 Nc3 35. Rd2 b5 36. Nd3 Ra2 37. Rxa2 Nxa2 38. Kf1 Nc3 39. Ke1 Kd6 40.
Kd2 Na4 41. Kc2 a5 42. Kb3 Nb6 43. Nc5 Nc4 44. Nb7+ Kc7 45. Nc5 Ne3 46. g4 Nf1
47. h4 Nd2+ 0-1

[Event "I Festival A"]
[Site "Bernate Ticino ITA"]
[Date "1998.07.11"]
[Round "5"]
[White "Loncar, Robert"]
[Black "Vujovic, Milorad"]
[Result "1/2-1/2"]
[WhiteElo "2410"]
[BlackElo "2275"]
[PlyCount "28"]
[EventDate "1998.07.09"]

1. d4 Nf6 2. Nf3 b5 3. e3 a6 4. c4 bxc4 5. Bxc4 e6 6. O-O Bb7 7. Nc3 Be7 8. Qe2
d6 9. b3 Nbd7 10. Bb2 O-O 11. Rad1 Qb8 12. d5 e5 13. e4 Re8 14. Nd2 Nf8 1/2-1/2

[Event "I Festival A"]
[Site "Bernate Ticino ITA"]
[Date "1998.07.11"]
[Round "5"]
[White "Lovati, Paolo"]
[Black "Ruzza, Claudio"]
[Result "1/2-1/2"]
[WhiteElo "2050"]
[BlackElo "1818"]
[PlyCount "108"]
[EventDate "1998.07.09"]

1. c4 g6 2. Nc3 Bg7 3. g3 d6 4. Bg2 e5 5. e3 c6 6. Nge2 Be6 7. b3 Ne7 8. O-O d5
9. cxd5 cxd5 10. f4 Nbc6 11. fxe5 Bxe5 12. Nf4 O-O 13. Ba3 d4 14. Nxe6 fxe6 15.
Rxf8+ Qxf8 16. exd4 Bxd4+ 17. Kh1 Qh6 18. Qg4 Nf5 19. Rd1 Rd8 20. Ne4 Ne5 21.
Qh3 Nd3 22. Qxh6 Nxh6 23. Bf1 Nf2+ 24. Nxf2 Bxf2 25. Bc4 Nf5 26. Bxe6+ Kg7 27.
Bxf5 gxf5 28. d4 Rd5 29. Kg2 Be3 30. Kf3 Bg5 31. Bb4 h5 32. h4 Bf6 33. Ke3 b5
34. Bc5 a6 35. a4 Be5 36. axb5 axb5 37. Kf3 Kg6 38. Re1 Bxd4 39. Bxd4 Rxd4 40.
Re6+ Kg7 41. Re5 Rd3+ 42. Kf4 Rxb3 43. Rxf5 Rb4+ 44. Kg5 Rg4+ 45. Kxh5 Rxg3 46.
Rxb5 Kh7 47. Rb7+ Rg7 48. Rb6 Kh8 49. Kh6 Rh7+ 50. Kg6 Rg7+ 51. Kf6 Kh7 52. h5
Kh6 53. Rb1 Rg5 54. Rb8 Kxh5 1/2-1/2

[Event "I Festival A"]
[Site "Bernate Ticino ITA"]
[Date "1998.07.11"]
[Round "5"]
[White "Mazzini, Antonio"]
[Black "Barlocco, Carlo"]
[Result "1-0"]
[WhiteElo "1912"]
[BlackElo "2215"]
[PlyCount "109"]
[EventDate "1998.07.09"]

1. d4 d5 2. Nf3 c6 3. g3 Bf5 4. Bg2 e6 5. O-O h6 6. b3 Nf6 7. Bb2 Nbd7 8. c4
Be7 9. Nc3 O-O 10. Ne5 Nxe5 11. dxe5 Nd7 12. e4 dxe4 13. Nxe4 Bxe4 14. Bxe4 Qc7
15. Qh5 Rfd8 16. Rad1 Bf8 17. f4 Nc5 18. Bb1 g6 19. Qe2 a5 20. Kg2 Rxd1 21.
Rxd1 Rd8 22. Bc3 Rxd1 23. Qxd1 b5 24. cxb5 cxb5 25. Qf3 b4 26. Bd4 Qd8 27. Be3
Qc8 28. g4 Nd7 29. Qe4 Qc3 30. Qd3 Qc7 31. Qc4 Qxc4 32. bxc4 Bc5 33. Kf3 Kf8
34. Ke4 Bxe3 35. Kxe3 Ke7 36. Kd4 Kd8 37. Bc2 Kc7 38. Ba4 Nb6 39. Be8 a4 40.
Bxf7 a3 41. Bxg6 Na4 42. Bc2 Nc3 43. Bb3 Ne2+ 44. Kc5 Nxf4 45. Kxb4 Nd3+ 46.
Kxa3 Nxe5 47. h3 Nf3 48. c5 e5 49. Bd5 Nd2 50. Kb2 Nf1 51. Kc3 Ne3 52. Bf3 Nf1
53. Kd3 Ng3 54. a4 Kb8 55. Ke3 1-0

[Event "I Festival A"]
[Site "Bernate Ticino ITA"]
[Date "1998.07.11"]
[Round "5"]
[White "Morselli, Stefano"]
[Black "Pagnoncelli, Marco"]
[Result "1-0"]
[WhiteElo "1732"]
[BlackElo "2120"]
[PlyCount "67"]
[EventDate "1998.07.09"]

1. Nf3 Nf6 2. d4 g6 3. c4 c5 4. Nc3 cxd4 5. Nxd4 Bg7 6. e4 d6 7. Be2 Nc6 8. Be3
O-O 9. O-O Bd7 10. f4 a6 11. Nb3 b6 12. Bf3 Rb8 13. Qe2 Qc8 14. Nd5 Nxd5 15.
cxd5 Na7 16. Rfc1 Qb7 17. Bd4 Bxd4+ 18. Nxd4 Nb5 19. Nc6 Bxc6 20. dxc6 Qa7 21.
Qe3 e5 22. f5 f6 23. fxg6 hxg6 24. Bg4 f5 25. exf5 gxf5 26. c7 Nxc7 27. Qg5+
Kh8 28. Qh6+ Kg8 29. Qg6+ Kh8 30. Bxf5 b5+ 31. Kh1 Rxf5 32. Qxf5 Ne8 33. Rc3
Rb7 34. Qh5+ 1-0

[Event "I Festival A"]
[Site "Bernate Ticino ITA"]
[Date "1998.07.11"]
[Round "5"]
[White "Pedemonte, Claudio"]
[Black "Sartorio, Diego"]
[Result "1/2-1/2"]
[WhiteElo "1659"]
[BlackElo "1570"]
[PlyCount "76"]
[EventDate "1998.07.09"]

1. c4 c6 2. g3 Nf6 3. Bg2 g6 4. Nc3 Bg7 5. e4 d6 6. h3 Na6 7. Nge2 e5 8. O-O
Nc5 9. d3 Ne6 10. f4 Qb6+ 11. Kh1 exf4 12. Nxf4 O-O 13. Rb1 Ng4 14. hxg4 Bxc3
15. Nxe6 Bxe6 16. Bh6 Bg7 17. g5 Qa5 18. Rf4 Qxa2 19. Qc1 Qb3 20. Qe3 c5 21.
Qe2 a5 22. Rf3 Bg4 23. Bxg7 Kxg7 24. Rxf7+ Rxf7 25. Qxg4 Qxd3 26. Rd1 Qxc4 27.
Rxd6 b6 28. Qh3 Raf8 29. e5 Qe2 30. e6 Re7 31. Rd7 Rfe8 32. Qh6+ Kg8 33. Kg1
Qe1+ 34. Kh2 Qf2 35. Qh4 Qxb2 36. Qf4 Kg7 37. Qc7 Kf8 38. Qf4+ Kg7 1/2-1/2

[Event "I Festival A"]
[Site "Bernate Ticino ITA"]
[Date "1998.07.11"]
[Round "5"]
[White "Piazza, Carlo"]
[Black "Drabke, Lorenz Maximilian"]
[Result "1/2-1/2"]
[WhiteElo "1711"]
[BlackElo "1906"]
[PlyCount "56"]
[EventDate "1998.07.09"]

1. e4 c5 2. Nf3 d6 3. d4 cxd4 4. Nxd4 Nf6 5. Nc3 a6 6. Bc4 e6 7. Bb3 Nbd7 8. f4
Nc5 9. f5 e5 10. Nde2 b5 11. Bg5 Bb7 12. Bxf6 Qxf6 13. Bd5 Bxd5 14. Nxd5 Qh4+
15. Ng3 Nxe4 16. O-O Nxg3 17. Nc7+ Kd7 18. hxg3 Qd8 19. Nxa8 Qxa8 20. f6 g6 21.
a4 Qb7 22. axb5 axb5 23. Qg4+ Kc7 24. c4 Bh6 25. Kh2 b4 26. Ra5 Rb8 27. Rfa1
Be3 28. b3 h6 1/2-1/2

[Event "I Festival A"]
[Site "Bernate Ticino ITA"]
[Date "1998.07.11"]
[Round "5"]
[White "Ponti, Lorenzo"]
[Black "Marigo, Narciso"]
[Result "0-1"]
[WhiteElo "1864"]
[BlackElo "1687"]
[PlyCount "90"]
[EventDate "1998.07.09"]

1. d4 d6 2. Nf3 Nf6 3. Bg5 e6 4. e3 Be7 5. Bd3 h6 6. Bh4 Nbd7 7. Nbd2 a6 8. Qe2
c5 9. c3 b5 10. O-O Bb7 11. Rfd1 c4 12. Bc2 Qc7 13. h3 O-O 14. e4 e5 15. Nf1
Rfe8 16. Rd2 Nh5 17. Bg3 Nxg3 18. Nxg3 Bf8 19. Rad1 Nf6 20. Nh2 Rad8 21. Ng4
Nh7 22. dxe5 dxe5 23. Rxd8 Rxd8 24. Rxd8 Qxd8 25. Nxe5 Qc7 26. Ng4 Bc5 27. Kf1
Ng5 28. Ne3 Ne6 29. Ngf5 Qe5 30. Ng4 Qf4 31. g3 Qc1+ 32. Bd1 Bxe4 33. Qxe4
Qxd1+ 34. Kg2 Qd3 35. Qf3 Qxf3+ 36. Kxf3 Ng5+ 37. Kg2 h5 38. Ne5 Ne4 39. f3 Nf6
40. Nd7 Nxd7 41. Kf1 g6 42. Nh4 Be7 43. Ng2 Bf6 44. Ke2 Ne5 45. Nf4 Bg5 0-1

[Event "I Festival A"]
[Site "Bernate Ticino ITA"]
[Date "1998.07.11"]
[Round "5"]
[White "Rovatti, Paolo"]
[Black "Zotti, Enrico"]
[Result "0-1"]
[WhiteElo "2055"]
[BlackElo "1725"]
[PlyCount "88"]
[EventDate "1998.07.09"]

1. Nc3 c5 2. Nf3 Nc6 3. d4 cxd4 4. Nxd4 Nf6 5. Bg5 Qa5 6. Bxf6 gxf6 7. Nb3 Qd8
8. e4 a6 9. a4 e6 10. Bc4 b6 11. O-O Bb7 12. Qh5 Qc7 13. Rfd1 O-O-O 14. a5 b5
15. Bxb5 axb5 16. a6 Ba8 17. Nxb5 Qe5 18. Qe2 d5 19. Qe3 Bd6 20. Nxd6+ Qxd6 21.
exd5 Rhg8 22. Nc5 exd5 23. Nb7 Bxb7 24. Qh3+ Kc7 25. axb7 d4 26. Qxh7 Rh8 27.
Qxf7+ Rd7 28. b8=Q+ Kxb8 29. Qb3+ Rb7 30. Qg3 Ne5 31. h3 Qd5 32. Rd3 Rg8 33.
Qh2 Rbg7 34. Rb3+ Kc8 35. Rg3 Qe4 36. h4 Rxg3 37. fxg3 Qe3+ 38. Kf1 Rxg3 39.
Qg1 Ng4 40. Qxe3 Nxe3+ 41. Kg1 Rxg2+ 42. Kh1 Rxc2 43. Ra6 d3 44. Rxf6 d2 0-1

[Event "I Festival A"]
[Site "Bernate Ticino ITA"]
[Date "1998.07.12"]
[Round "6"]
[White "Barlocco, Carlo"]
[Black "Di Lascio, Savino"]
[Result "1-0"]
[WhiteElo "2215"]
[BlackElo "1753"]
[PlyCount "85"]
[EventDate "1998.07.09"]

1. d4 Nf6 2. c4 e6 3. Nf3 b6 4. g3 Ba6 5. b3 Be7 6. Bg2 O-O 7. O-O d5 8. Qc2
Nc6 9. a3 Rc8 10. cxd5 Na5 11. dxe6 fxe6 12. Ng5 Qxd4 13. Bb2 Qc5 14. Qxc5 Bxc5
15. b4 Nb3 16. bxc5 Nxa1 17. Bxa1 Bxe2 18. Re1 Bc4 19. Nd2 Bd5 20. Nxe6 Bxe6
21. Rxe6 Rcd8 22. Nf1 Kf7 23. Re1 Rd3 24. c6 Rxa3 25. Ne3 Re8 26. Rd1 Re7 27.
g4 Rexe3 28. fxe3 Nxg4 29. Bd5+ Ke8 30. e4 Ne3 31. Rc1 Nxd5 32. exd5 Kd8 33.
Rf1 Re3 34. Bb2 b5 35. Rf7 a5 36. Rd7+ Kc8 37. Rxg7 Re8 38. Be5 b4 39. Rxc7+
Kd8 40. Bd6 Rg8+ 41. Kf2 Rg6 42. Rd7+ Kc8 43. Bg3 1-0

[Event "I Festival A"]
[Site "Bernate Ticino ITA"]
[Date "1998.07.12"]
[Round "6"]
[White "Bemporad, Filippo"]
[Black "Bonazzi, Edoardo"]
[Result "1/2-1/2"]
[WhiteElo "2050"]
[BlackElo "1933"]
[PlyCount "65"]
[EventDate "1998.07.09"]

1. d4 Nf6 2. Nf3 e6 3. g3 d5 4. Bg2 c5 5. O-O Nc6 6. c4 Be7 7. Nc3 O-O 8. cxd5
exd5 9. dxc5 Bxc5 10. Bg5 d4 11. Bxf6 Qxf6 12. Ne4 Qe7 13. Nxc5 Qxc5 14. Rc1
Qb6 15. Qc2 h6 16. Nd2 Be6 17. Nc4 Bxc4 18. Qxc4 Qxb2 19. Rb1 Qc3 20. Qb5 Rab8
21. Rfc1 Qd2 22. Be4 Rfe8 23. Rc2 Qg5 24. Rc5 a6 25. Qb6 Qd8 26. Bxc6 bxc6 27.
Qxb8 Qxb8 28. Rxb8 Rxb8 29. Rxc6 Rb2 30. Rxa6 Rxe2 31. Kg2 Kf8 32. Kf3 Rb2 33.
Ra7 1/2-1/2

[Event "I Festival A"]
[Site "Bernate Ticino ITA"]
[Date "1998.07.12"]
[Round "6"]
[White "Drabke, Lorenz Maximilian"]
[Black "Lovati, Paolo"]
[Result "0-1"]
[WhiteElo "1906"]
[BlackElo "2050"]
[PlyCount "58"]
[EventDate "1998.07.09"]

1. e4 e5 2. Nf3 Nc6 3. Nc3 d6 4. Bc4 Be7 5. d4 Nxd4 6. Nxd4 exd4 7. Qxd4 Bf6 8.
Qd3 Ne7 9. O-O O-O 10. Be3 a6 11. Rad1 b5 12. Bb3 Bb7 13. Bd4 Bxd4 14. Qxd4 c5
15. Qxd6 c4 16. Qc5 Qe8 17. Bxc4 bxc4 18. Qxc4 Ng6 19. Nd5 Rc8 20. Qb3 Qb5 21.
Rd2 Kh8 22. Rfd1 h6 23. Nc3 Qxb3 24. axb3 f5 25. exf5 Nh4 26. Rd7 Bxg2 27. R7d4
Bf3 28. R1d3 Rce8 29. h3 Nxf5 0-1

[Event "I Festival A"]
[Site "Bernate Ticino ITA"]
[Date "1998.07.12"]
[Round "6"]
[White "Fiori, Mauro"]
[Black "Giuberchio, Cesare"]
[Result "1-0"]
[WhiteElo "1600"]
[BlackElo "1723"]
[PlyCount "89"]
[EventDate "1998.07.09"]

1. d4 d5 2. c4 e5 3. dxe5 d4 4. e3 Bb4+ 5. Ke2 Nc6 6. Nf3 Bg4 7. a3 Bc5 8. b4
Nxe5 9. bxc5 d3+ 10. Ke1 Qf6 11. Nbd2 Nxf3+ 12. gxf3 Qxa1 13. fxg4 O-O-O 14.
Bg2 Nf6 15. h3 h5 16. g5 Nd7 17. Nb3 Qc3+ 18. Bd2 Qxc4 19. Bxb7+ Kb8 20. Na5
Qxc5 21. Qb1 Qb6 22. Qc1 Nc5 23. Bg2 Rde8 24. Nc6+ Kc8 25. h4 Nb3 26. Qb2 Nxd2
27. Qxb6 axb6 28. Kxd2 Re6 29. Bh3 Kb7 30. Bxe6 fxe6 31. Ne5 Ra8 32. Ra1 Rf8
33. f4 Rd8 34. Nxd3 c5 35. Kc3 Rd5 36. Rb1 Kc7 37. Ne5 Rd8 38. Rb2 Rd1 39. Rd2
Re1 40. Rd7+ Kc8 41. Kd2 Ra1 42. Rxg7 Ra2+ 43. Kc1 Rxa3 44. g6 Rxe3 45. Rh7 1-0

[Event "I Festival A"]
[Site "Bernate Ticino ITA"]
[Date "1998.07.12"]
[Round "6"]
[White "Loncar, Robert"]
[Black "Griffa, Roberto"]
[Result "1-0"]
[WhiteElo "2410"]
[BlackElo "2070"]
[PlyCount "57"]
[EventDate "1998.07.09"]

1. Nf3 d6 2. d4 Bg4 3. e3 Nd7 4. Be2 Ngf6 5. c4 e5 6. Nc3 c6 7. h3 Bh5 8. O-O
Be7 9. b3 O-O 10. Bb2 e4 11. Nd2 Bg6 12. b4 d5 13. Qb3 dxc4 14. Nxc4 Bf5 15.
Na5 Rb8 16. Rfd1 Nb6 17. a3 Qd6 18. Bf1 Bd8 19. Nc4 Nxc4 20. Qxc4 Bc7 21. g3
Nd5 22. Qc5 Nxc3 23. Qxc3 Qg6 24. d5 Bxg3 25. fxg3 Qxg3+ 26. Bg2 Bxh3 27. Qxg7+
Qxg7 28. Bxg7 Kxg7 29. Bxh3 1-0

[Event "I Festival A"]
[Site "Bernate Ticino ITA"]
[Date "1998.07.12"]
[Round "6"]
[White "Marigo, Narciso"]
[Black "Pagnoncelli, Marco"]
[Result "1-0"]
[WhiteElo "1687"]
[BlackElo "2120"]
[PlyCount "95"]
[EventDate "1998.07.09"]

1. d4 Nf6 2. Nf3 g6 3. Bf4 d6 4. h3 Bg7 5. e3 O-O 6. Be2 Nbd7 7. O-O c5 8. c3
Qb6 9. Qc1 Ne8 10. Nbd2 e5 11. dxe5 dxe5 12. Bg3 h6 13. Rd1 f5 14. Nc4 Qe6 15.
Na3 Kh7 16. Bc4 Qe7 17. Qd2 a6 18. Qe2 b5 19. Bd5 Ra7 20. c4 b4 21. Nb1 e4 22.
Ne1 Ne5 23. a3 a5 24. a4 Ba6 25. Ra2 Rd7 26. b3 Nc7 27. Rad2 Rfd8 28. Bxe5 Qxe5
29. Bg8+ Rxg8 30. Rxd7 Bc8 31. R7d6 g5 32. Qh5 Qe7 33. Rc6 Bb7 34. Rb6 Ne8 35.
Qg6+ Kh8 36. Re6 Qf8 37. Rd8 Bf6 38. Rexe8 Rxg6 39. Rxf8+ Kg7 40. Rg8+ Kh7 41.
Rxg6 Kxg6 42. Rd6 f4 43. Nd2 Kf5 44. Nf1 f3 45. Ng3+ Ke5 46. Rb6 Ba8 47. Nh5
Be7 48. Rxh6 1-0

[Event "I Festival A"]
[Site "Bernate Ticino ITA"]
[Date "1998.07.12"]
[Round "6"]
[White "Morselli, Stefano"]
[Black "Mazzini, Antonio"]
[Result "0-1"]
[WhiteElo "1732"]
[BlackElo "1912"]
[PlyCount "78"]
[EventDate "1998.07.09"]

1. Nf3 Nf6 2. d4 g6 3. c4 Bg7 4. Nc3 O-O 5. e4 d6 6. Be2 e5 7. O-O Nc6 8. d5
Ne7 9. Ne1 Nd7 10. Nd3 a5 11. f4 f5 12. exf5 Nxf5 13. Ne4 Qe7 14. fxe5 dxe5 15.
Bg5 Nf6 16. Qd2 Nxe4 17. Bxe7 Nxd2 18. Bxf8 Bxf8 19. Rfd1 Nxc4 20. Rdc1 Nb6 21.
Nxe5 Bg7 22. Nd3 Nxd5 23. Bf3 Nfe7 24. Re1 Bf5 25. Ne5 h5 26. Rad1 c6 27. Nc4
a4 28. Nb6 Ra5 29. Nxd5 Nxd5 30. Re8+ Kf7 31. Rde1 Bd4+ 32. Kh1 Bxb2 33. Bxd5+
Rxd5 34. h4 Rd7 35. R8e2 a3 36. Kh2 c5 37. Re8 c4 38. Kg3 Bf6 39. Rc8 Rd3+ 0-1